<?xml version="1.0" encoding="UTF-8"?>
<record
    xmlns:xsi="http://www.w3.org/2001/XMLSchema-instance"
    xsi:schemaLocation="http://www.loc.gov/MARC21/slim http://www.loc.gov/standards/marcxml/schema/MARC21slim.xsd"
    xmlns="http://www.loc.gov/MARC21/slim">

  <leader>00353    a2200169   4500</leader>
  <controlfield tag="001">45176</controlfield>
  <datafield tag="020" ind1=" " ind2=" ">
    <subfield code="a">8532208223</subfield>
  </datafield>
  <datafield tag="040" ind1=" " ind2=" ">
    <subfield code="c">Anchieta - Aquarius</subfield>
  </datafield>
  <datafield tag="100" ind1=" " ind2=" ">
    <subfield code="a">M&#xE1;qui</subfield>
  </datafield>
  <datafield tag="240" ind1="1" ind2="0">
    <subfield code="a">Magia das &#xE1;rvores</subfield>
    <subfield code="l">por</subfield>
  </datafield>
  <datafield tag="245" ind1="1" ind2="0">
    <subfield code="a">Magia das &#xE1;rvores</subfield>
  </datafield>
  <datafield tag="300" ind1=" " ind2=" ">
    <subfield code="a">44</subfield>
  </datafield>
  <datafield tag="362" ind1="0" ind2=" ">
    <subfield code="a">0</subfield>
  </datafield>
  <datafield tag="440" ind1=" " ind2="1">
    <subfield code="a">FTD</subfield>
  </datafield>
  <datafield tag="650" ind1=" " ind2="4">
    <subfield code="a">Literatura infanto-juvenil</subfield>
  </datafield>
  <datafield tag="942" ind1=" " ind2=" ">
    <subfield code="c">BK</subfield>
  </datafield>
  <datafield tag="952" ind1=" " ind2=" ">
    <subfield code="0">0</subfield>
    <subfield code="1">0</subfield>
    <subfield code="4">0</subfield>
    <subfield code="7">0</subfield>
    <subfield code="a">87.1</subfield>
    <subfield code="b">87.1</subfield>
    <subfield code="d">2023-11-21</subfield>
    <subfield code="l">0</subfield>
    <subfield code="o">028.5 MAQ MAG</subfield>
    <subfield code="p">1980/AQU</subfield>
    <subfield code="r">2023-11-21 15:11:16</subfield>
    <subfield code="w">2023-11-21</subfield>
    <subfield code="y">BK</subfield>
  </datafield>
  <datafield tag="952" ind1=" " ind2=" ">
    <subfield code="0">0</subfield>
    <subfield code="1">0</subfield>
    <subfield code="2">ddc</subfield>
    <subfield code="4">0</subfield>
    <subfield code="7">0</subfield>
    <subfield code="a">57.2</subfield>
    <subfield code="b">57.2</subfield>
    <subfield code="d">2024-07-11</subfield>
    <subfield code="l">0</subfield>
    <subfield code="p">fm20</subfield>
    <subfield code="r">2024-07-11 18:46:17</subfield>
    <subfield code="w">2024-07-11</subfield>
    <subfield code="y">BK</subfield>
    <subfield code="z">FD2/EM</subfield>
    <subfield code="u"></subfield>
  </datafield>
  <datafield tag="952" ind1=" " ind2=" ">
    <subfield code="0">0</subfield>
    <subfield code="1">0</subfield>
    <subfield code="2">ddc</subfield>
    <subfield code="4">0</subfield>
    <subfield code="7">0</subfield>
    <subfield code="a">57.2</subfield>
    <subfield code="b">57.2</subfield>
    <subfield code="d">2024-07-11</subfield>
    <subfield code="l">0</subfield>
    <subfield code="p">fm44</subfield>
    <subfield code="r">2024-07-11 19:08:45</subfield>
    <subfield code="w">2024-07-11</subfield>
    <subfield code="y">BK</subfield>
    <subfield code="z">FD2/EM</subfield>
    <subfield code="u"></subfield>
  </datafield>
  <datafield tag="952" ind1=" " ind2=" ">
    <subfield code="0">0</subfield>
    <subfield code="1">0</subfield>
    <subfield code="2">ddc</subfield>
    <subfield code="4">0</subfield>
    <subfield code="7">0</subfield>
    <subfield code="a">57.2</subfield>
    <subfield code="b">57.2</subfield>
    <subfield code="d">2024-07-11</subfield>
    <subfield code="l">0</subfield>
    <subfield code="p">fm45</subfield>
    <subfield code="r">2024-07-11 19:09:25</subfield>
    <subfield code="w">2024-07-11</subfield>
    <subfield code="y">BK</subfield>
    <subfield code="z">FD2/EM</subfield>
    <subfield code="u"></subfield>
  </datafield>
  <datafield tag="952" ind1=" " ind2=" ">
    <subfield code="0">0</subfield>
    <subfield code="1">0</subfield>
    <subfield code="2">ddc</subfield>
    <subfield code="4">0</subfield>
    <subfield code="7">0</subfield>
    <subfield code="a">57.2</subfield>
    <subfield code="b">57.2</subfield>
    <subfield code="d">2024-07-11</subfield>
    <subfield code="l">0</subfield>
    <subfield code="p">fm46</subfield>
    <subfield code="r">2024-07-11 19:09:59</subfield>
    <subfield code="w">2024-07-11</subfield>
    <subfield code="y">BK</subfield>
    <subfield code="z">FD2/EM</subfield>
    <subfield code="u"></subfield>
  </datafield>
  <datafield tag="999" ind1=" " ind2=" ">
    <subfield code="c">45176</subfield>
    <subfield code="d">45176</subfield>
  </datafield>
</record>
